Asamiya natak (Record no. 9222)

MARC details
000 -LEADER
fixed length control field 00472cam a2200205ua 4500
001 - CONTROL NUMBER
control field 10234
005 - DATE AND TIME OF LATEST TRANSACTION
control field 20260515114608.0
008 - FIXED-LENGTH DATA ELEMENTS--GENERAL INFORMATION
fixed length control field 171023n ii |||gr||||Z||||||asm
020 ## - INTERNATIONAL STANDARD BOOK NUMBER
International Standard Book Number 9789381784464
040 ## - CATALOGING SOURCE
Transcribing agency MAIN
041 ## - LANGUAGE CODE
Language code of text/sound track or separate title asm
082 ## - DEWEY DECIMAL CLASSIFICATION NUMBER
Classification number 891.4512
100 ## - MAIN ENTRY--PERSONAL NAME
Personal name Nath, Dipen,
Relator term Author.
245 ## - TITLE STATEMENT
Title Asamiya natak
Statement of responsibility, etc. By Dipen Nath
250 ## - EDITION STATEMENT
Edition statement 4th ed.
260 ## - PUBLICATION, DISTRIBUTION, ETC.
Place of publication, distribution, etc. Jorhat:
Name of publisher, distributor, etc. Bidya bhawan,
Date of publication, distribution, etc. 2016.
300 ## - PHYSICAL DESCRIPTION
Extent 234p.
653 ## - INDEX TERM--UNCONTROLLED
Uncontrolled term Assamese drama
942 ## - ADDED ENTRY ELEMENTS (KOHA)
Koha item type Books
Holdings
Withdrawn status Lost status Damaged status Not for loan Home library Current library Shelving location Date acquired Total checkouts Full call number Barcode Date last seen Date last checked out Copy number Price effective from Koha item type
        Naharkatiya College Library Naharkatiya College Library General stacks 09/19/2020 8 891.4512Assamese drama | NAT 24047 08/08/2023 08/04/2023 1 09/19/2020 Books
        Naharkatiya College Library Naharkatiya College Library General stacks 09/19/2020 13 891.4512Assamese drama | NAT 24048 03/16/2026 02/25/2026 2 09/19/2020 Books
        Naharkatiya College Library Naharkatiya College Library General stacks 09/19/2020 22 891.4512Assamese drama | NAT 24049 06/24/2023 06/23/2023 3 09/19/2020 Books